مكتبة جامعة عجلون الوطنية

فهرس بحث المكتبة

اثر تكاليف الجودة في كفاءة الأداء المؤسسي = The impact of Quality Costs in the Efficiency of Institutional performance / (Record no. 33691)

MARC details
000 -LEADER
fixed length control field 00963nam a22001937a 4500
003 - CONTROL NUMBER IDENTIFIER
control field JO-AjAnu
005 - DATE AND TIME OF LATEST TRANSACTION
control field 20240918113447.0
008 - FIXED-LENGTH DATA ELEMENTS--GENERAL INFORMATION
fixed length control field 240918b jo ||||| |||| 00| 0 ara d
040 ## - CATALOGING SOURCE
Original cataloging agency JO-AjAnu
Transcribing agency JO-AjAnu
041 ## - LANGUAGE CODE
Language code of text/sound track or separate title ara
100 #1 - MAIN ENTRY--PERSONAL NAME
Personal name اليونس، بيان غازي
9 (RLIN) 66222
Dates associated with a name معد
245 #1 - TITLE STATEMENT
Title اثر تكاليف الجودة في كفاءة الأداء المؤسسي = The impact of Quality Costs in the Efficiency of Institutional performance /
Statement of responsibility, etc. اعداد بيان غازي اليونس ؛ إشراف تيسير علي المومني
260 ## - PUBLICATION, DISTRIBUTION, ETC.
Date of publication, distribution, etc. 2024
300 ## - PHYSICAL DESCRIPTION
Extent 81 ورقة
500 ## - GENERAL NOTE
General note رسالة جامعية (ماجستير) .- جامعة عجلون الوطنية (عجلون، الأردن)، كلية الأعمال ، قسم تخصص المحاسبة ، 2024
650 70 - SUBJECT ADDED ENTRY--TOPICAL TERM
Topical term or geographic name entry element تكاليف الجودة - الاداء المؤسسي
9 (RLIN) 66221
700 #1 - ADDED ENTRY--PERSONAL NAME
Personal name المومني، تيسير علي
9 (RLIN) 65112
Relator term مشرف
942 ## - ADDED ENTRY ELEMENTS (KOHA)
Source of classification or shelving scheme Library of Congress Classification
Koha item type Thesis
Suppress in OPAC No
Holdings
Withdrawn status Lost status Source of classification or shelving scheme Damaged status Not for loan Home library Current library Date acquired Total Checkouts Full call number Barcode Date last seen Price effective from Koha item type
    Library of Congress Classification     مكتبة جامعة عجلون الوطنية مكتبة جامعة عجلون الوطنية 18/09/2024   HD62.15 2024 A30063 18/09/2024 18/09/2024 Thesis
    Library of Congress Classification     مكتبة جامعة عجلون الوطنية مكتبة جامعة عجلون الوطنية 18/09/2024   HD62.15 2024 A30062 18/09/2024 18/09/2024 Thesis